000 00783nam a2200277 a 4500
003 AR-BaBNM
005 20251128210816.0
008 082120s2002 ||||||||||||||000 | spa||
020 _a950-765-092-X
040 _cAR-BaBNM
100 1 _aCalónico, Ezequiel María
245 0 0 _aNuevos desafíos de pensamiento lateral
260 _aBuenos Aires
_bEdiciones de mente
_c1999
300 _a92 p.
_bil.
490 0 _aPensamiento lateral
650 4 _aJUEGOS EDUCATIVOS
650 4 _aPENSAMIENTO LOGICO
650 4 _aPENSAMIENTO CRITICO
650 4 _aPENSAMIENTO CREADOR
650 4 _aSOLUCION DE PROBLEMAS
650 4 _aACTIVIDADES DE APRENDIZAJE
800 1 _aPoniachik, Jaime
_edirector
800 1 _aSamoilovich, Daniel
_edirector
942 _cBK
998 _cRAQUEL
999 _c17007
_d17007